Pokemon commençant par la lettre O - Gen 1 à 9 - Statistiques

Statistiques générales
  • Ce quiz a été pris 39 fois
  • Le résultat moyen est 14 sur 20
Statistiques - réponses
Réponse % Correct
Obalie
97%
Ohmassacre
91%
Oratoria
88%
Otaria
85%
Otarlette
82%
Otaquin
79%
Ossatueur
76%
Osselait
76%
Opermine
70%
Okéoké
64%
Ouisticram
64%
Oyacata
61%
Octillery
58%
Ortide
58%
Ouistempo
58%
Olivini
55%
Olivado
52%
Oniglali
52%
Onix
52%
Ouvrifier
48%
Aucun quiz correspondant
Distribution des résultats
% des personnes avec chaque résultat
Percentile par nombre de réponses
Votre historique - résultats
Vous n’avez pas pris ce quiz